[Event "POR-ch (Women)"]
[Site "Vila Nova de Famalicao"]
[Date "2023.04.23"]
[Round "3"]
[White "Cymbron, Victoria"]
[Black "Marques, Clara Sofia Sargent"]
[Result "1-0"]
[WhiteElo "1629"]
[BlackElo "1195"]
[PlyCount "109"]
[EventDate "2023.04.22"]
[EventType "swiss"]
[EventRounds "6"]
[EventCountry "POR"]
[SourceTitle "CBM 213 Extra"]
[Source "ChessBase"]
[SourceDate "2023.05.31"]
[SourceVersion "1"]
[SourceVersionDate "2023.05.31"]
[SourceQuality "1"]

1. e4 e5 2. Nf3 Nc6 3. d4 exd4 4. Bc4 Bc5 5. c3 Nf6 6. e5 Ne4 7. cxd4 Bb6 8. 0-0 0-0 9. Bd5 Nxe5 10. Bxe4 Nxf3+ 11. Qxf3 c6 12. Bc2 d5 13. Be3 f5 14. Rd1 Qf6 15. Qf4 Be6 16. Qg5 Qf7 17. Bf4 Bd8 18. Qg3 Bf6 19. Be5 Qd7 20. Bxf6 Rxf6 21. f4 Rg6 22. Qf2 Rg4 23. h3 Rg6 24. Nd2 Qc7 25. Qe3 Qb6 26. Rab1 Re8 27. Nf3 Rf6 28. Ne5 Bf7 29. Qg3 Be6 30. b4 a6 31. a3 Qc7 32. Re1 Qd6 33. Re2 Qc7 34. Rbe1 Qd6 35. Kf2 Re7 36. Nd3 b6 37. Qe3 Kf7 38. Ne5+ Kf8 39. Ba4 b5 40. Bb3 Rc7 41. Rc1 Rc8 42. Qc3 Bd7 43. Qc5 Kg8 44. Qxd6 Rxd6 45. Nxd7 Rxd7 46. Rc5 Kf7 47. Rec2 Rd6 48. Bxd5+ Ke7 49. Bxc6 Rxd4 50. Ke3 Rc4 51. R2xc4 bxc4 52. Rxc4 Kd6 53. Bd5 Re8+ 54. Kd4 Kd7 55. Bc6+ 1-0

[Event "POR-ch (Women)"]
[Site "Vila Nova de Famalicao"]
[Date "2023.04.22"]
[Round "2"]
[White "Ryabukhina, Veronika"]
[Black "Cymbron, Victoria"]
[Result "1-0"]
[WhiteElo "1481"]
[BlackElo "1629"]
[PlyCount "70"]
[EventDate "2023.04.22"]
[EventType "swiss"]
[EventRounds "6"]
[EventCountry "POR"]
[SourceTitle "CBM 213 Extra"]
[Source "ChessBase"]
[SourceDate "2023.05.31"]
[SourceVersion "1"]
[SourceVersionDate "2023.05.31"]
[SourceQuality "1"]

1. d4 c5 2. d5 e5 3. c4 d6 4. Nc3 Nf6 5. e4 Nbd7 6. Nf3 Be7 7. g3 0-0 8. Bg2 Ne8 9. 0-0 Kh8 10. Nd2 f5 11. f4 fxe4 12. Ndxe4 b6 13. Be3 Bf6 14. Qe2 Qe7 15. Rae1 a6 16. fxe5 Nxe5 17. Nxf6 Nxf6 18. Bf4 Nfd7 19. Ne4 Re8 20. Bg5 Nf3+ 21. Qxf3 Qe5 22. Qc3 Qxc3 23. Nxc3 Ne5 24. Bf4 b5 25. Bxe5 dxe5 26. Rxe5 Bg4 27. Rxe8+ Rxe8 28. b3 Kg8 29. Ne4 bxc4 30. bxc4 Be2 31. Re1 Bh5 32. g4 Bf7 33. Kf2 Rf8 34. Ke3 Rb8 35. Nxc5 Rc8 1-0

[Event "EU-ch Hybrid U14 Girls"]
[Site "Tornelo INT"]
[Date "2021.10.15"]
[Round "2"]
[White "Cymbron, Victoria"]
[Black "Vlasova, Olesia"]
[Result "0-1"]
[WhiteElo "1409"]
[BlackElo "1747"]
[PlyCount "136"]
[EventDate "2021.10.15"]
[EventType "swiss"]
[EventRounds "9"]
[EventCountry "NET"]
[SourceTitle "EXT 2023"]
[Source "ChessBase"]
[SourceDate "2022.10.05"]
[SourceVersion "1"]
[SourceVersionDate "2022.10.05"]
[SourceQuality "1"]
[WhiteTeam "Portugal"]
[BlackTeam "Russia"]
[WhiteTeamCountry "POR"]
[BlackTeamCountry "RUS"]

1. e4 c5 2. Nf3 Nc6 3. d4 cxd4 4. Nxd4 g6 5. Nc3 Bg7 6. Be3 Nf6 7. Bc4 0-0 8. 0-0 d6 9. h3 Bd7 10. a4 Nxd4 11. Bxd4 Bc6 12. Qd3 Nd7 13. Bxg7 Kxg7 14. Qd4+ Kg8 15. f4 Qb6 16. Qxb6 Nxb6 17. Bb3 Rac8 18. Rae1 Nd7 19. Bd5 e6 20. Bb3 Nc5 21. Rf2 Rfd8 22. Rd2 Kf8 23. Kf2 b6 24. g4 Rc7 25. Red1 Nxe4+ 26. Nxe4 Bxe4 27. Ke3 d5 28. c4 Rcd7 29. cxd5 exd5 30. Kd4 Ke7 31. Bc2 Kf6 32. Bb3 Re7 33. Re1 Red7 34. Bc2 h5 35. Bb3 hxg4 36. hxg4 Bf3 37. Bd1 Bxd1 38. Rdxd1 Rh8 39. Re5 Rh2 40. b3 Rf2 41. Ke3 Rb2 42. Rd3 d4+ 43. Kf3 Rh2 44. Kg3 Rc2 45. Kf3 Rc5 46. g5+ Kg7 47. Ke4 Rc3 48. a5 bxa5 49. Rxa5 Rc1 50. Re5 Re1+ 51. Kf3 Rxe5 52. fxe5 Kf8 53. Ke4 Ke7 54. Rxd4 Rxd4+ 55. Kxd4 Ke6 56. Ke4 a5 57. Kd4 Kf5 58. Kc5 Kxg5 59. Kb5 Kf5 60. Kxa5 g5 61. b4 g4 62. b5 g3 63. b6 g2 64. b7 g1Q 65. b8Q Qa1+ 66. Kb6 Qb2+ 67. Kc7 Qxb8+ 68. Kxb8 Kxe5 0-1

[Event "EU-ch Hybrid U14 Girls"]
[Site "Tornelo INT"]
[Date "2021.10.15"]
[Round "3"]
[White "Tadic, Ana"]
[Black "Cymbron, Victoria"]
[Result "1-0"]
[WhiteElo "1660"]
[BlackElo "1409"]
[PlyCount "77"]
[EventDate "2021.10.15"]
[EventType "swiss"]
[EventRounds "9"]
[EventCountry "NET"]
[SourceTitle "EXT 2023"]
[Source "ChessBase"]
[SourceDate "2022.10.05"]
[SourceVersion "1"]
[SourceVersionDate "2022.10.05"]
[SourceQuality "1"]
[WhiteTeam "Serbia"]
[BlackTeam "Portugal"]
[WhiteTeamCountry "SRB"]
[BlackTeamCountry "POR"]

1. e4 c5 2. Nf3 a6 3. c3 Nf6 4. Bd3 g6 5. Bc2 Bg7 6. d4 cxd4 7. cxd4 d6 8. 0-0 0-0 9. Nbd2 b5 10. Re1 Bb7 11. Nf1 Nbd7 12. Bf4 Nb6 13. b3 Rc8 14. Ng3 b4 15. Bd2 a5 16. a3 Qc7 17. Bd3 bxa3 18. Bxa5 Ra8 19. Rxa3 Ra7 20. Nd2 Nfd7 21. Qa1 Raa8 22. Nc4 e6 23. Rc1 Bc6 24. Nxb6 Nxb6 25. Bb5 Rab8 26. Rxc6 Qd8 27. Qc3 d5 28. e5 Qe7 29. Bb4 Qg5 30. Bxf8 Bxf8 31. Ra7 Qg4 32. Be2 Qg5 33. Rcc7 Na8 34. Rxf7 Bb4 35. Rg7+ Kf8 36. Raf7+ Ke8 37. Qc6+ Kd8 38. Rg8+ Bf8 39. Rgxf8# 1-0